Financing International Trade,Banking Theories and Applications (Record no. 11916)

MARC details
000 -LEADER
fixed length control field 00338nam a22001217a 4500
008 - FIXED-LENGTH DATA ELEMENTS--GENERAL INFORMATION
fixed length control field 211126b ||||| |||| 00| 0 eng d
020 ## - INTERNATIONAL STANDARD BOOK NUMBER
International Standard Book Number 9789386446176
050 ## - LIBRARY OF CONGRESS CALL NUMBER
Classification number 332.042
Item number 1
245 ## - TITLE STATEMENT
Title Financing International Trade,Banking Theories and Applications
260 ## - PUBLICATION, DISTRIBUTION, ETC. (IMPRINT)
Place of publication, distribution, etc. New Delhi
Name of publisher, distributor, etc. SAGE Publications
Date of publication, distribution, etc. 2017
300 ## - PHYSICAL DESCRIPTION
Extent 1
942 ## - ADDED ENTRY ELEMENTS (KOHA)
Source of classification or shelving scheme Dewey Decimal Classification
Koha item type BOOK
Holdings
Withdrawn status Lost status Source of classification or shelving scheme Damaged status Not for loan Home library Current library Shelving location Date acquired Total Checkouts Full call number Barcode Date last seen Price effective from Koha item type
    Dewey Decimal Classification     Good Samaritan School Library Good Samaritan School Library Economics 11/26/2021   332.042 SAN17179 11/26/2021 11/26/2021 BOOK

Powered by Koha